Mina In Every MV - Statistics

General Stats
  • This quiz has been taken 30 times
  • The average score is 23 of 41
Answer Stats
Picture Answer % Correct
Cheer Up
90%
Scientist
90%
Dance The Night Away
86%
Likey
86%
The Feels
86%
Fancy
81%
Perfect World
81%
TT
81%
What Is Love?
81%
Yes or Yes
81%
Like Ooh-Ahh
76%
Talk That Talk
76%
Doughnut
71%
Knock Knock
71%
Heart Shaker
67%
More & More
67%
Set Me Free
67%
Dive
62%
I Can't Stop Me
62%
BDZ
57%
Do Not Touch
57%
Feel Special
57%
Signal
57%
Fanfare
52%
Hare Hare
52%
Identity
52%
I Got You
52%
Alcohol-Free
43%
Marshmallow
43%
The Best Thing I Ever Did
43%
I Want You Back
38%
Moonlight Sunrise
38%
One Spark
38%
Celebrate
33%
Kura Kura
33%
New Look
29%
Wake Me Up
29%
Better
24%
Happy Happy
14%
One More Time
10%
Fake & True
5%
No matching quizzes found
Score Distribution
Percent of People with Each Score
Percentile by Number Answered
Your Score History
You have not taken this quiz